000 00177 a2200097 4500
020 _a071152007995
041 _aeng
100 _aRoberts, Nora
245 _aBlue Dahlia
942 _cBK
999 _c861
_d861